[Event "43. India ch"]
[Site "Visakhapatnam IND"]
[Date "2006.04.10"]
[Round "12.8"]
[White "Arun Prasad, S."]
[Black "Kamble, Vikramaditya"]
[Result "1/2-1/2"]
[WhiteElo "2384"]
[BlackElo "2403"]
[PlyCount "107"]
[EventDate "2006.04.03"]
[EventType "tourn"]
[EventRounds "21"]
[EventCountry "IND"]
[Source "lmi"]
[SourceDate "2006.04.17"]

1. Nf3 Nf6 2. g3 g6 3. Bg2 Bg7 4. O-O O-O 5. c4 d6 6. d4 Nbd7 7. Nc3 e5 8. e4
exd4 9. Nxd4 Re8 10. h3 a6 11. Re1 Rb8 12. a4 Ne5 13. b3 Bd7 14. Rb1 Nc6 15.
Nc2 Qc8 16. h4 Ne5 17. Bb2 Bh3 18. Ne3 h5 19. Bh1 Bg4 20. f3 Bd7 21. Qc2 b5 22.
axb5 axb5 23. Ncd5 bxc4 24. Nxf6+ Bxf6 25. bxc4 Rxb2 26. Rxb2 Nd3 27. Qxd3 Bxb2
28. Bg2 Qa6 29. Kh2 Qa5 30. Re2 Bg7 31. Nd5 Rb8 32. e5 Qa1 33. e6 Bxe6 34. Ne7+
Kf8 35. Nxg6+ fxg6 36. Rxe6 Qb1 37. Qxg6 Qxg6 38. Rxg6 Rb4 39. Rg5 Rxc4 40.
Rxh5 Rd4 41. f4 Ke7 42. Rf5 c5 43. h5 Ke6 44. Rg5 Bf6 45. Rg8 c4 46. h6 c3 47.
h7 Kf7 48. h8=Q Bxh8 49. Rxh8 Rc4 50. Bd5+ Ke7 51. Rh7+ Kd8 52. Rh8+ Ke7 53.
Rh7+ Kd8 54. Rh8+ 1/2-1/2

[Event "43. India ch"]
[Site "Visakhapatnam IND"]
[Date "2006.04.10"]
[Round "12.9"]
[White "Das, Arghyadip"]
[Black "Girinath, PDS."]
[Result "0-1"]
[WhiteElo "2402"]
[BlackElo "2350"]
[PlyCount "78"]
[EventDate "2006.04.03"]
[EventType "tourn"]
[EventRounds "21"]
[EventCountry "IND"]
[Source "lmi"]
[SourceDate "2006.04.17"]

1. e4 e6 2. d4 d5 3. Nc3 dxe4 4. Nxe4 Bd7 5. Nf3 Bc6 6. Bd3 Nd7 7. O-O Ngf6 8.
Ng3 Be7 9. c4 Bxf3 10. Qxf3 c6 11. b3 O-O 12. Bb2 Re8 13. Rad1 Qc7 14. Rfe1
Rad8 15. Bb1 Nf8 16. h4 Rd7 17. Re3 Red8 18. Rde1 Ne8 19. h5 Bf6 20. h6 Bxd4
21. Bxd4 Rxd4 22. hxg7 Nxg7 23. Nh5 f5 24. Nf6+ Kh8 25. Qh3 Qf4 26. Nh5 Qh6 27.
Nxg7 Qxh3 28. Rxh3 Kxg7 29. a3 a5 30. Rhe3 Kf6 31. Bc2 Rd2 32. Rc3 c5 33. Rb1
Ng6 34. g3 Ne5 35. b4 axb4 36. axb4 b6 37. bxc5 bxc5 38. Kf1 Ng4 39. f3 Rxc2
0-1

[Event "43. India ch"]
[Site "Visakhapatnam IND"]
[Date "2006.04.12"]
[Round "13.1"]
[White "Deepan Chakkravarthy, J."]
[Black "Arun Prasad, S."]
[Result "1-0"]
[WhiteElo "2428"]
[BlackElo "2384"]
[PlyCount "99"]
[EventDate "2006.04.03"]
[EventType "tourn"]
[EventRounds "21"]
[EventCountry "IND"]
[Source "lmi"]
[SourceDate "2006.04.17"]

1. e4 c5 2. Nf3 d6 3. d4 cxd4 4. Nxd4 Nf6 5. Nc3 a6 6. Be3 e5 7. Nb3 Be6 8. f3
Be7 9. Qd2 O-O 10. O-O-O Nbd7 11. g4 b5 12. g5 b4 13. Ne2 Ne8 14. f4 a5 15. f5
a4 16. Nbd4 exd4 17. Nxd4 b3 18. Kb1 bxc2+ 19. Nxc2 Bb3 20. axb3 axb3 21. Na3
Ne5 22. h4 Ra5 23. Qb4 Qa8 24. Bb6 Ra4 25. Qxb3 Qxe4+ 26. Nc2 Ra8 27. Qd5 Qxd5
28. Rxd5 Rb8 29. Rb5 Bd8 30. Bxd8 Rxd8 31. Bg2 Nc7 32. Rb7 Rc8 33. Rd1 Rfd8 34.
Ne3 Kf8 35. Rc1 Ne8 36. Nd5 Nd3 37. Rd1 Nc5 38. Ra7 Rb8 39. b4 Rd7 40. Rxd7
Nxd7 41. Kb2 Nb6 42. Kb3 f6 43. Nxb6 Rxb6 44. Ra1 fxg5 45. hxg5 Nc7 46. Ra7 Na6
47. Ra8+ Ke7 48. Rg8 Rxb4+ 49. Kc3 Rg4 50. f6+ 1-0

[Event "43. India ch"]
[Site "Visakhapatnam IND"]
[Date "2006.04.12"]
[Round "13.3"]
[White "Venkatesh, MR."]
[Black "Kunte, Abhijit"]
[Result "1/2-1/2"]
[WhiteElo "2438"]
[BlackElo "2551"]
[PlyCount "43"]
[EventDate "2006.04.03"]
[EventType "tourn"]
[EventRounds "21"]
[EventCountry "IND"]
[Source "lmi"]
[SourceDate "2006.04.17"]

1. e4 c5 2. Nf3 e6 3. b3 a6 4. Bb2 d6 5. d4 cxd4 6. Nxd4 Nc6 7. Nd2 Nf6 8. Nxc6
bxc6 9. Bd3 e5 10. O-O Be7 11. f4 exf4 12. Rxf4 Be6 13. Qe2 O-O 14. Raf1 Nd7
15. Bc4 Bg5 16. Bxe6 Bxf4 17. Bxd7 Bxd2 18. Qxd2 Qxd7 19. Bxg7 Kxg7 20. Qg5+
Kh8 21. Qf6+ Kg8 22. Qg5+ 1/2-1/2

[Event "43. India ch"]
[Site "Visakhapatnam IND"]
[Date "2006.04.12"]
[Round "13.5"]
[White "Thejkumar, MS."]
[Black "Gupta, Abhijeet"]
[Result "1-0"]
[WhiteElo "2384"]
[BlackElo "2434"]
[PlyCount "91"]
[EventDate "2006.04.03"]
[EventType "tourn"]
[EventRounds "21"]
[EventCountry "IND"]
[Source "lmi"]
[SourceDate "2006.04.17"]

1. d4 d5 2. c4 c6 3. Nc3 Nf6 4. e3 a6 5. Nf3 b5 6. b3 Bg4 7. Be2 e6 8. O-O Nbd7
9. h3 Bh5 10. Ne5 Bxe2 11. Nxe2 Nxe5 12. dxe5 Nd7 13. cxd5 cxd5 14. Bb2 Bc5 15.
Nf4 O-O 16. Qg4 Qe7 17. Rac1 Rfc8 18. Rc2 Qe8 19. Nxd5 exd5 20. e6 Nf6 21. Bxf6
Bf8 22. exf7+ Kxf7 23. Bb2 Rxc2 24. Qf5+ Kg8 25. Qxc2 Rc8 26. Qf5 Rd8 27. Rd1
Qf7 28. Qxf7+ Kxf7 29. Rc1 g6 30. Rc7+ Ke6 31. Ra7 Rc8 32. Rxa6+ Bd6 33. g4 b4
34. Bd4 Rc2 35. h4 h5 36. g5 Rc1+ 37. Kg2 Rc2 38. Kf3 Rc1 39. e4 dxe4+ 40. Kxe4
Re1+ 41. Be3 Ke7 42. Kd5 Rd1+ 43. Bd4 Bb8 44. Rxg6 Kf7 45. Rg7+ Kf8 46. Rb7 1-0

[Event "43. India ch"]
[Site "Visakhapatnam IND"]
[Date "2006.04.12"]
[Round "13.6"]
[White "Sivanandan, BS."]
[Black "Koneru, Humpy"]
[Result "1/2-1/2"]
[WhiteElo "2452"]
[BlackElo "2537"]
[PlyCount "117"]
[EventDate "2006.04.03"]
[EventType "tourn"]
[EventRounds "21"]
[EventCountry "IND"]
[Source "lmi"]
[SourceDate "2006.04.17"]

1. e4 e5 2. Nf3 Nc6 3. Bb5 a6 4. Ba4 Nf6 5. O-O Nxe4 6. d4 b5 7. Bb3 d5 8. dxe5
Be6 9. Qe2 Be7 10. Rd1 O-O 11. c4 bxc4 12. Bxc4 Qd7 13. Nc3 Nxc3 14. bxc3 f6
15. exf6 Bxf6 16. Ng5 Bxg5 17. Bxg5 Rae8 18. Qd2 dxc4 19. Qxd7 Bxd7 20. Rxd7
Re2 21. Rxc7 Rfxf2 22. Rc8+ Kf7 23. Rf1 Rxf1+ 24. Kxf1 Re6 25. Ra8 Ne5 26. Be3
Ng4 27. Bd4 Nxh2+ 28. Kf2 Ng4+ 29. Kf3 Ne5+ 30. Bxe5 Rxe5 31. Rxa6 Rd5 32. Ke4
Rd3 33. Kf5 g6+ 34. Ke5 Kg7 35. g4 Rxc3 36. g5 Re3+ 37. Kd4 Rg3 38. Ra7+ Kg8
39. Ra8+ Kf7 40. Ra7+ Ke6 41. Rxh7 Rxg5 42. Kxc4 Ra5 43. Kb3 g5 44. a4 g4 45.
Rg7 Kf5 46. Kb4 Ra8 47. a5 Kf4 48. Kb5 g3 49. a6 Kf3 50. Rf7+ Ke2 51. Rg7 Kf2
52. Kb6 g2 53. Rf7+ Ke2 54. Re7+ Kf1 55. Rf7+ Ke2 56. Rg7 Kf2 57. Kb7 Rxa6 58.
Rxg2+ Kxg2 59. Kxa6 1/2-1/2

[Event "43. India ch"]
[Site "Visakhapatnam IND"]
[Date "2006.04.12"]
[Round "13.7"]
[White "Sharma, Dinesh K"]
[Black "Ganguly, Surya Shekhar"]
[Result "0-1"]
[WhiteElo "2370"]
[BlackElo "2579"]
[PlyCount "150"]
[EventDate "2006.04.03"]
[EventType "tourn"]
[EventRounds "21"]
[EventCountry "IND"]
[Source "lmi"]
[SourceDate "2006.04.17"]

1. d4 Nf6 2. Nf3 c5 3. d5 b5 4. Bg5 Ne4 5. Bh4 Bb7 6. a4 Qa5+ 7. Nbd2 Bxd5 8.
axb5 Qb6 9. c4 Bb7 10. Nxe4 Bxe4 11. Nd2 Bb7 12. e4 g6 13. Bd3 Bg7 14. Qc2 d6
15. O-O Nd7 16. f4 a6 17. Kh1 Bf6 18. Bxf6 exf6 19. Ra3 O-O 20. h3 Rfe8 21.
Rfa1 Kg7 22. bxa6 Rxa6 23. Rxa6 Bxa6 24. Nb1 Bb7 25. Nc3 Rb8 26. Kh2 Nf8 27.
Qf2 Bc6 28. Qg3 Rd8 29. Rb1 Ne6 30. Qf2 Rb8 31. Qg3 Qc7 32. Bc2 Nd4 33. Bd3 Rb3
34. Qf2 Qb8 35. Kh1 Qb6 36. Kh2 Qb8 37. Kh1 Ne6 38. Kg1 Qb6 39. Kh1 Bb7 40. Kh2
Nd4 41. Kh1 Ba8 42. Kh2 Qb8 43. Kg1 Ne6 44. Kh1 Bc6 45. Kg1 Bd7 46. Qd2 Nd4 47.
Kh1 Be6 48. Ne2 Nc6 49. Nc3 Qb4 50. f5 Bd7 51. fxg6 hxg6 52. Qf2 Qb8 53. Rf1
Qd8 54. Bb1 Be6 55. Qc2 Nd4 56. Qf2 Bxc4 57. Rd1 Qb6 58. Qf4 Qb8 59. Ba2 Ne6
60. Qc1 Rxc3 61. Qxc3 Bxa2 62. Rf1 Nd4 63. Qd2 Bc4 64. Rf4 Qe8 65. b4 Qe5 66.
bxc5 dxc5 67. Rf2 Qxe4 68. Kh2 Bd5 69. Kg1 Qe5 70. Qb2 c4 71. Qd2 c3 72. Qd3
Qe1+ 73. Rf1 Ne2+ 74. Kh2 Qxf1 75. Qxd5 Qg1# 0-1

[Event "43. India ch"]
[Site "Visakhapatnam IND"]
[Date "2006.04.12"]
[Round "14.3"]
[White "Kunte, Abhijit"]
[Black "Sivanandan, BS."]
[Result "1-0"]
[WhiteElo "2551"]
[BlackElo "2452"]
[PlyCount "86"]
[EventDate "2006.04.03"]
[EventType "tourn"]
[EventRounds "21"]
[EventCountry "IND"]
[Source "lmi"]
[SourceDate "2006.04.17"]

1. d4 g6 2. e4 c6 3. c4 Bg7 4. Nc3 d6 5. Nf3 Nf6 6. Be2 O-O 7. O-O Nbd7 8. h3
e5 9. Re1 Re8 10. d5 cxd5 11. cxd5 a6 12. Be3 Nh5 13. Nd2 Nf4 14. Bf1 Nc5 15.
Nf3 f5 16. Bxc5 dxc5 17. g3 fxe4 18. Nxe4 Nxh3+ 19. Kh2 g5 20. Bxh3 g4 21. Nfg5
h6 22. Bxg4 hxg5 23. d6 Bxg4 24. Qxg4 Bf6 25. Kg2 b6 26. Rh1 Ra7 27. d7 Rf8 28.
Qe6+ Kg7 29. Qf5 Rf7 30. Rh7+ Kf8 31. Rxf7+ Kxf7 32. Rh1 Rxd7 33. Rh7+ Ke8 34.
Rxd7 Qxd7 35. Nxf6+ Ke7 36. Nxd7 e4 37. Nf6 c4 38. Qe5+ Kf7 39. Nd5 e3 40. Qe7+
Kg6 41. Qf6+ Kh7 42. Ne7 e2 43. Qg6+ Kh8 1-0

[Event "43. India ch"]
[Site "Visakhapatnam IND"]
[Date "2006.04.12"]
[Round "14.4"]
[White "Sundararajan, Kidambi"]
[Black "Venkatesh, MR."]
[Result "0-1"]
[WhiteElo "2495"]
[BlackElo "2438"]
[PlyCount "78"]
[EventDate "2006.04.03"]
[EventType "tourn"]
[EventRounds "21"]
[EventCountry "IND"]
[Source "lmi"]
[SourceDate "2006.04.17"]

1. d4 Nf6 2. c4 e6 3. Nc3 Bb4 4. e3 O-O 5. a3 Bxc3+ 6. bxc3 c5 7. Bd3 d6 8. Ne2
Nc6 9. O-O e5 10. Ng3 Re8 11. d5 Ne7 12. f4 exf4 13. exf4 b5 14. cxb5 Nexd5 15.
c4 Nb6 16. Bb2 Ng4 17. h3 Qh4 18. Re1 Ne3 19. Nf1 Bg4 20. Qd2 Nexc4 21. Bxc4
Nxc4 22. Qd5 Nxb2 23. hxg4 Qf6 24. Rxe8+ Rxe8 25. Re1 Rf8 26. Re2 Na4 27. Rd2
Rd8 28. Qe4 Nb6 29. Re2 h6 30. Qe7 Qd4+ 31. Kh1 Ra8 32. g3 c4 33. Rd2 Qa1 34.
Kg2 c3 35. Rxd6 Qb2+ 36. Kf3 c2 37. Rd8+ Rxd8 38. Qxd8+ Kh7 39. Qd3+ g6 0-1

[Event "43. India ch"]
[Site "Visakhapatnam IND"]
[Date "2006.04.12"]
[Round "14.5"]
[White "Roy Chowdhury, Saptarshi"]
[Black "Ramesh, RB."]
[Result "1/2-1/2"]
[WhiteElo "2393"]
[BlackElo "2491"]
[PlyCount "23"]
[EventDate "2006.04.03"]
[EventType "tourn"]
[EventRounds "21"]
[EventCountry "IND"]
[Source "lmi"]
[SourceDate "2006.04.17"]

1. d4 Nf6 2. Nf3 e6 3. e3 b6 4. Bd3 Bb7 5. O-O d5 6. b3 Bd6 7. Bb2 O-O 8. c4 c5
9. Nc3 cxd4 10. Nxd4 dxc4 11. Bxc4 Nc6 12. Nxc6 1/2-1/2

[Event "43. India ch"]
[Site "Visakhapatnam IND"]
[Date "2006.04.12"]
[Round "14.7"]
[White "Das, Arghyadip"]
[Black "Deepan Chakkravarthy, J."]
[Result "1/2-1/2"]
[WhiteElo "2402"]
[BlackElo "2428"]
[PlyCount "103"]
[EventDate "2006.04.03"]
[EventType "tourn"]
[EventRounds "21"]
[EventCountry "IND"]
[Source "lmi"]
[SourceDate "2006.04.17"]

1. e4 c5 2. Nf3 d6 3. d4 cxd4 4. Nxd4 Nf6 5. Nc3 Nc6 6. Be2 e5 7. Nf3 h6 8. O-O
Be7 9. Re1 O-O 10. h3 a6 11. Rf1 Qc7 12. Nd5 Nxd5 13. exd5 Nb8 14. c4 Nd7 15.
a3 a5 16. b3 Nc5 17. Be3 Bf5 18. Ra2 Bg6 19. Rb2 Bf6 20. b4 axb4 21. axb4 e4
22. Nd4 Nd3 23. Bxd3 exd3 24. Qb3 Rfe8 25. Nb5 Qd7 26. Rd2 Rac8 27. Na7 Ra8 28.
Nb5 Bg5 29. Rdd1 Bxe3 30. fxe3 Re5 31. Nc3 Rc8 32. e4 Qc7 33. Rxd3 Qxc4 34.
Qxc4 Rxc4 35. b5 f6 36. Ra1 Re8 37. Ra3 Rec8 38. Re3 Rb4 39. Kf2 Be8 40. Kf3
Bxb5 41. Nxb5 Rxb5 42. Reb3 Rxb3+ 43. Rxb3 Rc7 44. Rb6 Rd7 45. Kf4 Kf7 46. g3
g6 47. h4 Ke7 48. h5 gxh5 49. Kf5 Kf7 50. Rb4 Re7 51. Rb6 Rd7 52. Rb4 1/2-1/2

[Event "43. India ch"]
[Site "Visakhapatnam IND"]
[Date "2006.04.12"]
[Round "14.8"]
[White "Himanshu, Sharma"]
[Black "Thejkumar, MS."]
[Result "1-0"]
[WhiteElo "2411"]
[BlackElo "2384"]
[PlyCount "69"]
[EventDate "2006.04.03"]
[EventType "tourn"]
[EventRounds "21"]
[EventCountry "IND"]
[Source "lmi"]
[SourceDate "2006.04.17"]

1. Nf3 d5 2. d4 Nf6 3. c4 e6 4. Nc3 Be7 5. Bg5 O-O 6. e3 Nbd7 7. Qc2 a6 8. c5
c6 9. Bd3 h6 10. Bf4 Nh5 11. O-O g5 12. Be5 f5 13. h3 Nhf6 14. Bh2 Ne4 15. Ne2
Bf6 16. b4 Bg7 17. Ne5 Qe8 18. f3 Nef6 19. a4 Nxe5 20. dxe5 Nd7 21. f4 Qe7 22.
a5 h5 23. g4 gxf4 24. exf4 hxg4 25. hxg4 fxg4 26. Rf2 Bh6 27. Rg2 Rf7 28. Rxg4+
Rg7 29. Rxg7+ Bxg7 30. Kh1 Nf8 31. Rg1 Bd7 32. Nd4 Re8 33. Bg3 Qf7 34. Bh4 Kh8
35. Qh2 1-0

[Event "43. India ch"]
[Site "Visakhapatnam IND"]
[Date "2006.04.12"]
[Round "14.9"]
[White "Ravi, Lanka"]
[Black "Sharma, Dinesh K"]
[Result "1/2-1/2"]
[WhiteElo "2423"]
[BlackElo "2370"]
[PlyCount "164"]
[EventDate "2006.04.03"]
[EventType "tourn"]
[EventRounds "21"]
[EventCountry "IND"]
[Source "lmi"]
[SourceDate "2006.04.17"]

1. d4 d5 2. c4 c6 3. Nf3 Nf6 4. Nc3 e6 5. Bg5 Nbd7 6. e3 Qa5 7. Nd2 Bb4 8. Qc2
Ne4 9. Ndxe4 dxe4 10. Bh4 e5 11. Be2 O-O 12. O-O f5 13. c5 exd4 14. exd4 Bxc3
15. Qxc3 Qxc3 16. bxc3 b6 17. Be7 Re8 18. Bc4+ Kh8 19. Bd6 Nf6 20. Bf7 Rd8 21.
a4 Ba6 22. Rfe1 bxc5 23. dxc5 Nd5 24. Ra3 Bc4 25. Be6 Ne3 26. fxe3 Bxe6 27. Rb1
Bc8 28. Rab3 Ba6 29. Rb8 Kg8 30. Kf2 Kf7 31. Rxa8 Rxa8 32. Bb8 Ke6 33. Rb4 g5
34. Bc7 Kd7 35. Ba5 Ke7 36. g3 g4 37. Ke1 h5 38. Rd4 Rb8 39. Bb4 Rd8 40. Rd6
Rxd6 41. cxd6+ Ke6 42. Bc5 Bc4 43. a5 a6 44. Kd2 Kd7 45. Kc1 Ke6 46. Kb2 Kd7
47. Ka3 Bf7 48. Kb4 Bg8 49. c4 Bf7 50. Kc3 Bg8 51. Kd4 Ke6 52. Ba3 Bf7 53. Kc5
Kd7 54. Bb2 Bg8 55. Be5 Bf7 56. Bf4 Bg8 57. Kd4 Ke6 58. Kc5 Kd7 59. Bh6 Bf7 60.
Bf8 Bg8 61. Kd4 Ke6 62. c5 Bf7 63. d7 Kxd7 64. Ke5 Bc4 65. Kxf5 Bd3 66. Bd6 Bc2
67. Kf6 Bd3 68. Be5 Bc4 69. Bd4 Bd5 70. Be5 Bc4 71. Bb8 Bb3 72. Kg6 Ke6 73.
Kxh5 Kf5 74. h4 Bf7+ 75. Kh6 Be8 76. Kg7 Ke6 77. Bc7 Bf7 78. Be5 Be8 79. Bd4
Bf7 80. Kh7 Be8 81. Kh6 Kf5 82. Kg7 Ke6 1/2-1/2

[Event "43. India ch"]
[Site "Visakhapatnam IND"]
[Date "2006.04.12"]
[Round "14.10"]
[White "Girinath, PDS."]
[Black "Kamble, Vikramaditya"]
[Result "1/2-1/2"]
[WhiteElo "2350"]
[BlackElo "2403"]
[PlyCount "112"]
[EventDate "2006.04.03"]
[EventType "tourn"]
[EventRounds "21"]
[EventCountry "IND"]
[Source "lmi"]
[SourceDate "2006.04.17"]

1. e4 e6 2. Qe2 Nc6 3. Nf3 e5 4. c3 Nf6 5. d4 exd4 6. cxd4 Bb4+ 7. Nc3 O-O 8.
e5 Nd5 9. Bd2 Bxc3 10. bxc3 d6 11. Qe4 dxe5 12. dxe5 Nf6 13. Qf4 Re8 14. Bb5
Bd7 15. Bc4 Qe7 16. O-O Nxe5 17. Rfe1 Nxf3+ 18. Qxf3 Qc5 19. Bb3 c6 20. Bf4 Qf5
21. Rad1 Rxe1+ 22. Rxe1 Re8 23. Rxe8+ Bxe8 24. h3 Qe4 25. Qg3 Nh5 26. Qe3 Qxe3
27. Bxe3 a6 28. g4 Nf6 29. f3 Bd7 30. Bd4 Be6 31. Kf2 Bxb3 32. axb3 Nd7 33. c4
c5 34. Bc3 f6 35. Ke3 Kf7 36. Ke4 Ke6 37. f4 b5 38. f5+ Kd6 39. cxb5 axb5 40.
h4 Ne5 41. g5 Nc6 42. gxf6 gxf6 43. Bxf6 Na5 44. Be5+ Ke7 45. Kd5 Nxb3 46. Kc6
b4 47. Kd5 Nc1 48. Kc4 h5 49. Bb2 Ne2 50. Kxc5 b3 51. Kb4 Ng3 52. f6+ Ke6 53.
Kxb3 Nf5 54. Kc4 Nxh4 55. Kd3 Nf3 56. Ke3 Ng5 1/2-1/2

[Event "43. India ch"]
[Site "Visakhapatnam IND"]
[Date "2006.04.13"]
[Round "15.1"]
[White "Deepan Chakkravarthy, J."]
[Black "Girinath, PDS."]
[Result "1-0"]
[WhiteElo "2428"]
[BlackElo "2350"]
[PlyCount "91"]
[EventDate "2006.04.03"]
[EventType "tourn"]
[EventRounds "21"]
[EventCountry "IND"]
[Source "lmi"]
[SourceDate "2006.04.17"]

1. e4 e5 2. Nf3 Nc6 3. Bb5 a6 4. Ba4 Nf6 5. O-O Be7 6. Re1 b5 7. Bb3 d6 8. c3
O-O 9. h3 a5 10. a4 b4 11. d4 bxc3 12. bxc3 exd4 13. Nxd4 Bd7 14. Nd2 Re8 15.
f4 Bf8 16. N2f3 Nxd4 17. cxd4 Rxe4 18. Bxf7+ Kh8 19. Rxe4 Nxe4 20. Bd5 Nc3 21.
Ng5 Qxg5 22. fxg5 Nxd5 23. Qf3 Be6 24. Bd2 g6 25. Bxa5 Bg7 26. Bc3 c5 27. Kh1
Rf8 28. Qe2 Bg8 29. Bb2 cxd4 30. Qd2 Nc3 31. Rc1 Be5 32. a5 Bc4 33. Re1 Ne2 34.
Qd1 Rf2 35. Qa1 Ba6 36. Qa4 Bb7 37. Qe8+ Kg7 38. Qd7+ Rf7 39. Qxf7+ Kxf7 40.
Rxe2 Ba6 41. Rd2 d3 42. Bxe5 dxe5 43. Kg1 Ke6 44. Kf2 Kd5 45. Ke3 Kc4 46. Rxd3
1-0

[Event "43. India ch"]
[Site "Visakhapatnam IND"]
[Date "2006.04.13"]
[Round "15.3"]
[White "Venkatesh, MR."]
[Black "Gupta, Abhijeet"]
[Result "1-0"]
[WhiteElo "2438"]
[BlackElo "2434"]
[PlyCount "119"]
[EventDate "2006.04.03"]
[EventType "tourn"]
[EventRounds "21"]
[EventCountry "IND"]
[Source "lmi"]
[SourceDate "2006.04.17"]

1. Nf3 Nf6 2. g3 g6 3. d3 d5 4. Bg2 Bg7 5. O-O O-O 6. Nbd2 d4 7. h3 Nc6 8. Nb3
a5 9. a4 Nd5 10. Bd2 e5 11. Qc1 f5 12. c3 dxc3 13. bxc3 Kh8 14. c4 Ndb4 15. Rb1
Qe7 16. Ne1 Bd7 17. Nc2 b6 18. c5 Rab8 19. Na3 Na7 20. cxb6 cxb6 21. Qc7 Nac6
22. Nc4 Na6 23. Qd6 Qxd6 24. Nxd6 Ncb4 25. Nb5 Nc5 26. Nxc5 bxc5 27. Nd6 Rf6
28. Nb7 Bxa4 29. Nxc5 Bc6 30. Nb3 Bxg2 31. Kxg2 Ra6 32. Rfc1 Bf8 33. Nc5 Ra7
34. Ra1 Bd6 35. Be3 Nd5 36. Bh6 Kg8 37. e4 Nb4 38. Be3 f4 39. gxf4 exf4 40. Bd4
Rc7 41. Ne6 Rxc1 42. Rxc1 a4 43. Ra1 Ra8 44. e5 Be7 45. Nc7 Rc8 46. Nb5 Ra8 47.
Nc7 Ra5 48. Bb6 Rxe5 49. d4 Rg5+ 50. Kf3 Rh5 51. Rxa4 Rxh3+ 52. Kxf4 Nd3+ 53.
Ke4 Nxf2+ 54. Kd5 Kf7 55. Ra7 Ra3 56. Rb7 Rb3 57. Kc6 Nd3 58. Nd5 Nb4+ 59. Nxb4
Rxb4 60. Rxe7+ 1-0

[Event "43. India ch"]
[Site "Visakhapatnam IND"]
[Date "2006.04.13"]
[Round "15.6"]
[White "Thejkumar, MS."]
[Black "Ganguly, Surya Shekhar"]
[Result "1/2-1/2"]
[WhiteElo "2384"]
[BlackElo "2579"]
[PlyCount "24"]
[EventDate "2006.04.03"]
[EventType "tourn"]
[EventRounds "21"]
[EventCountry "IND"]
[Source "lmi"]
[SourceDate "2006.04.17"]

1. d4 Nf6 2. Nf3 g6 3. c4 Bg7 4. Nc3 d5 5. Bf4 O-O 6. Rc1 dxc4 7. e4 a6 8. Bxc4
b5 9. Bb3 Bb7 10. O-O Nxe4 11. Nxe4 Bxe4 12. Bxc7 Qd7 1/2-1/2

[Event "43. India ch"]
[Site "Visakhapatnam IND"]
[Date "2006.04.13"]
[Round "15.8"]
[White "Sharma, Dinesh K"]
[Black "Roy Chowdhury, Saptarshi"]
[Result "1/2-1/2"]
[WhiteElo "2370"]
[BlackElo "2393"]
[PlyCount "43"]
[EventDate "2006.04.03"]
[EventType "tourn"]
[EventRounds "21"]
[EventCountry "IND"]
[Source "lmi"]
[SourceDate "2006.04.17"]

1. e4 c5 2. c3 d6 3. d4 Nf6 4. Bd3 Nc6 5. Nf3 g6 6. h3 Bg7 7. O-O O-O 8. Re1
Nd7 9. Bf1 cxd4 10. cxd4 e5 11. dxe5 Ndxe5 12. Nc3 Be6 13. Ng5 h6 14. Nxe6 fxe6
15. f4 Nf7 16. Be3 Qh4 17. Kh2 Rad8 18. g3 Qf6 19. Bg2 Kh8 20. Qb3 Qe7 21. Rad1
a6 22. Bb6 1/2-1/2

[Event "43. India ch"]
[Site "Visakhapatnam IND"]
[Date "2006.04.13"]
[Round "15.9"]
[White "Sriram, Jha"]
[Black "Himanshu, Sharma"]
[Result "0-1"]
[WhiteElo "2444"]
[BlackElo "2411"]
[PlyCount "144"]
[EventDate "2006.04.03"]
[EventType "tourn"]
[EventRounds "21"]
[EventCountry "IND"]
[Source "lmi"]
[SourceDate "2006.04.17"]

1. d4 Nf6 2. c4 e6 3. Nf3 b6 4. g3 Bb7 5. Bg2 Be7 6. O-O O-O 7. Nc3 Ne4 8. Bd2
f5 9. d5 Bf6 10. Rc1 Na6 11. a3 Nac5 12. b4 Nxc3 13. Bxc3 Ne4 14. Bxf6 Qxf6 15.
Qd4 a5 16. Qxf6 Nxf6 17. dxe6 dxe6 18. Nd4 Bxg2 19. Kxg2 Rfe8 20. b5 Rad8 21.
Rfd1 Ne4 22. f3 Nc5 23. Nc6 Rxd1 24. Rxd1 Kf7 25. f4 Kf6 26. Kf3 h6 27. Ke3 g5
28. Ne5 Ke7 29. Nc6+ Kf6 30. Ne5 Ke7 31. Kf3 Rg8 32. e3 g4+ 33. Kg2 h5 34. Nc6+
Kf6 35. Ne5 Ke7 36. Rd2 Ke8 37. Nc6 Kf7 38. Rd4 Kf8 39. Rd1 Kf7 40. Ne5+ Ke7
41. Rd4 Rg7 42. Rd1 Rg8 43. Nc6+ Kf7 44. Rd4 Kf8 45. Ne5 Ke7 46. h3 Ke8 47.
hxg4 hxg4 48. Nc6 Kf7 49. Rd1 Rh8 50. e4 Nxe4 51. Rd7+ Kf8 52. Rd8+ Kg7 53.
Rd7+ Kf8 54. Nd4 Rh3 55. Nxe6+ Ke8 56. Rd3 Rh7 57. Rd5 Rd7 58. Nd4 Rxd5 59.
cxd5 Nc3 60. Kf2 Kd7 61. Ke1 a4 62. Kd2 Ne4+ 63. Kd3 Nxg3 64. Kc4 Kd6 65. Ne6
Nh5 66. Nd4 Nxf4 67. Nxf5+ Ke5 68. Ng3 Nxd5 69. Nf1 Ke4 70. Ng3+ Kf3 71. Nh5
Nf4 72. Ng7 Ke4 0-1

[Event "43. India ch"]
[Site "Visakhapatnam IND"]
[Date "2006.04.14"]
[Round "16.1"]
[White "Ganguly, Surya Shekhar"]
[Black "Sriram, Jha"]
[Result "0-1"]
[WhiteElo "2579"]
[BlackElo "2444"]
[PlyCount "62"]
[EventDate "2006.04.03"]
[EventType "tourn"]
[EventRounds "21"]
[EventCountry "IND"]
[Source "lmi"]
[SourceDate "2006.04.17"]

1. e4 e5 2. Nf3 Nc6 3. Bb5 a6 4. Ba4 Nf6 5. O-O Be7 6. Re1 b5 7. Bb3 d6 8. c3
O-O 9. d4 Bg4 10. a4 Bxf3 11. gxf3 Na5 12. Ba2 c5 13. Na3 Rb8 14. axb5 axb5 15.
Nc2 Nc6 16. Kh1 b4 17. d5 Na5 18. cxb4 cxb4 19. Ne3 Nh5 20. Rg1 g6 21. Bd2 Kh8
22. Bb1 Bh4 23. Rf1 Qb6 24. Ra4 Qc5 25. Ng2 Nc4 26. Bc1 Bxf2 27. Qe2 Bd4 28. b3
Nb6 29. Ra2 Qc3 30. Qd1 Qc8 31. f4 Ng3+ 0-1

[Event "43. India ch"]
[Site "Visakhapatnam IND"]
[Date "2006.04.14"]
[Round "16.4"]
[White "Roy Chowdhury, Saptarshi"]
[Black "Sandipan, Chanda"]
[Result "1/2-1/2"]
[WhiteElo "2393"]
[BlackElo "2522"]
[PlyCount "140"]
[EventDate "2006.04.03"]
[EventType "tourn"]
[EventRounds "21"]
[EventCountry "IND"]
[Source "lmi"]
[SourceDate "2006.04.17"]

1. d4 Nf6 2. Nf3 e6 3. e3 b6 4. Bd3 Bb7 5. O-O d5 6. b3 c5 7. Bb2 cxd4 8. exd4
Be7 9. Qe2 Nc6 10. a3 O-O 11. Nbd2 Re8 12. Ne5 Nxe5 13. dxe5 Nd7 14. Bd4 Nc5
15. Bb5 Rf8 16. b4 a6 17. Bd3 Nxd3 18. Qxd3 Bc6 19. Rfc1 Bg5 20. a4 Qd7 21.
Bxb6 Bxa4 22. Bc5 Rfc8 23. Re1 Bb5 24. Qd4 Be7 25. Nb3 Bc4 26. h4 Bxb3 27. cxb3
Bxc5 28. bxc5 Qb5 29. Rec1 Rc6 30. Rc3 Rac8 31. Kh2 a5 32. h5 h6 33. Rg3 Qb4
34. Qxb4 axb4 35. Ra4 Rb8 36. Ra5 Kf8 37. Rg4 Rc7 38. Kg3 Rbc8 39. Rxb4 Rxc5
40. Rxc5 Rxc5 41. Rb8+ Ke7 42. Rb7+ Ke8 43. Kf3 d4 44. Ke4 Rd5 45. Ra7 f6 46.
exf6 gxf6 47. Kd3 e5 48. g4 Rc5 49. Ra2 Rc3+ 50. Ke4 Rxb3 51. Ra8+ Ke7 52. Ra7+
Kd8 53. Ra6 Ke7 54. Ra7+ Kd6 55. Ra6+ Kc5 56. Rxf6 Rb2 57. Rf8 Re2+ 58. Kd3 Ra2
59. Ke4 Kc4 60. Rc8+ Kb3 61. Kxe5 d3 62. f4 Ra5+ 63. Kf6 Ra4 64. Kf5 d2 65. Rd8
Kc3 66. Rxd2 Kxd2 67. g5 Ke3 68. gxh6 Rxf4+ 69. Kg6 Rg4+ 70. Kf5 Ra4 1/2-1/2